00215nam a2200073Ia 4500008004100000100001400041245005800055260002800113170817s9999 xx 000 0 und d aHanfi.M.A 0aAdhigam Karta Ka Vikas Evam Shikshan Adhigam Prakriya bAgarwal Prakashan Agara